Now that's what i call Eurovision song Contest - Statistics

General Stats
  • This quiz has been taken 20 times
  • The average score is 42 of 44
Answer Stats
song title artist year country % Correct
Waterloo ABBA 1974 Sweden
100%
take me to your heaven Charlotte Perrelli 1999 Sweden
100%
Euphoria Loreen 2012 Sweden
100%
Heroes Mans zelmerlow 2015 Sweden
100%
Popular Eric Saade 2011 Sweden
100%
too late for love John Lundvik 2019 Sweden
100%
invincible Carola 2006 Sweden
100%
La Voix Malena Ernman 2009 Sweden
100%
Making your mind up Bucks Fizz 1981 United Kingdom
100%
ooh aah just a little bit Gina G 1996 United Kingdom
100%
love shine a light Katrina and the waves 1997 United Kingdom
100%
save your kisses for me Brotherhood of man 1976 United Kingdom
100%
Beg, steal or borrow the New Seekers 1972 United Kingdom
100%
let me be the one The Shadows 1975 United Kingdom
100%
long live love Olivia Newton-John 1974 United Kingdom
100%
puppet on a string Sandie Shaw 1967 United Kingdom
100%
jack in the box Clodagh Rodgers 1971 United Kingdom
100%
boom bang a bang Lulu 1969 United Kingdom
100%
my last breath James Newman 2020 United Kingdom
100%
Come back Jessica Garlick 2002 United Kingdom
100%
Lonely Symphony Frances Ruffelle 1994 United Kingdom
100%
Hold On to our love James Fox 2004 United kingdom
100%
Rise Like a phoenix Conchita Wurst 2014 Austria
94%
Only Teardrops Emmelie de Forest 2013 Denmark
94%
Hard Rock Hallelujah Lordi 2006 Finland
94%
L'oiseau L'enfant Marie Myriam 1977 France
94%
Satellite Lena 2010 Germany
94%
My Number one helena Paparizou 2005 Greece
94%
Think about things Dabi freyr ( cant do letter) 2020 Iceland
94%
diva Dana International 1998 Israel
94%
Toy Netta Barzilai 2018 Israel
94%
arcade Duncan Laurence 2019 Netherlands
94%
Ding a Dong Teach In 1975 Netherlands
94%
i see a star Mouth & MacNeal 1974 Netherlands
94%
Fairytale Alexander Rybak 2009 Norway
94%
let it swing Bobbysocks 1985 Norway
94%
Nocturne Secret Garden 1995 Norway
94%
Amar Pelos Dois Salvador Sobral 2017 Portugal
94%
Wild Dances Ruslana 2004 Ukraine
94%
Dancing Lasha Tumbai Verka Serduchka 2007 Ukraine
94%
1944 Jamala 2016 Ukraine
94%
Nel Blu Dipinto di Blu Domenico Modugno 1958 Italy
88%
un Banc, un arbre, une rue Severine 1971 Monaco
88%
he gives me love Massiel 1968 Spain
76%
No matching quizzes found
Score Distribution
Percent of People with Each Score
Percentile by Number Answered
Your Score History
You have not taken this quiz